000 00332nam a2200145Ia 4500
008 150201s2011 xx 000 0 und d
082 _a615
_bP11P
100 _aSAMPATH, K
245 _aPHARMACEUTICAL JURISPRUDENCE
250 _a3
260 _bBIRLA
_aDELHI
_c2011
300 _a1-284
650 _aPharmacology
942 _2ddc
_cBK
999 _c1241
_d1241